000 00539nam a2200205Ia 4500
005 20250923145526.0
008 008 250917s9999 xx 000 0 eng d
037 _aTextual
040 _aDSWL
_beng
_cDSWL
041 _aeng
_2eng
084 _aY:4
_qDSWL
100 _aBurton, John
_9836228
245 0 _aDeviance terrorism and war
_c by John Burton
260 _aOxford
_bMartin Robertson
_c1979
300 _axv,240 p.
365 _aINR
_b135
925 _g135
942 _cTEXL
_hY:4
999 _c1452451
_d1452451